वलय (Record no. 461377)

MARC details
000 -LEADER
fixed length control field 00401nam a2200145Ia 4500
008 - FIXED-LENGTH DATA ELEMENTS--GENERAL INFORMATION
fixed length control field 100204s9999 xx 000 0 und d
082 ## - DEWEY DECIMAL CLASSIFICATION NUMBER
Item number 16954
100 ## - MAIN ENTRY--PERSONAL NAME
Personal name काळे व. पु.
245 ## - TITLE STATEMENT
Title वलय
260 ## - PUBLICATION, DISTRIBUTION, ETC. (IMPRINT)
Name of publisher, distributor, etc "मेहता पब्लिशिंग हाऊस , पुणे"
Date of publication, distribution, etc 1992 4
300 ## - PHYSICAL DESCRIPTION
Extent 168
630 ## - SUBJECT ADDED ENTRY--UNIFORM TITLE
Uniform title वलय
730 ## - ADDED ENTRY--UNIFORM TITLE
Uniform title वलय
942 ## - ADDED ENTRY ELEMENTS (KOHA)
Koha item type Book
Holdings
Withdrawn status Lost status Damaged status Not for loan Home library Current library Date acquired Cost, normal purchase price Total Checkouts Full call number Barcode Date last seen Cost, replacement price Price effective from Koha item type Public note
  Missing from bundle     N. C. Kelkar Sarvajanik Library, Mulund N. C. Kelkar Sarvajanik Library, Mulund 02/04/2010 50.00   16954 NCKMULUND-16954 02/04/2010 50.00 02/04/2010 Book 1)गहाळ